The food of Paradise : (Record no. 75881)

MARC details
000 -LEADER
fixed length control field 02932cam a2200565Ma 4500
001 - CONTROL NUMBER
control field vtls003275423
003 - CONTROL NUMBER IDENTIFIER
control field MY-SjTCS
005 - DATE AND TIME OF LATEST TRANSACTION
control field 20200508124557.0
006 - FIXED-LENGTH DATA ELEMENTS--ADDITIONAL MATERIAL CHARACTERISTICS
fixed length control field m o d
007 - PHYSICAL DESCRIPTION FIXED FIELD--GENERAL INFORMATION
fixed length control field cr cn|||||||||
008 - FIXED-LENGTH DATA ELEMENTS--GENERAL INFORMATION
fixed length control field 180124s1996 hiua ob 001 0 eng d
020 ## - INTERNATIONAL STANDARD BOOK NUMBER
International Standard Book Number 0585285527
Qualifying information (electronic bk.)
020 ## - INTERNATIONAL STANDARD BOOK NUMBER
International Standard Book Number 9780585285528
Qualifying information (electronic bk.)
020 ## - INTERNATIONAL STANDARD BOOK NUMBER
Canceled/invalid ISBN 0824817087
Qualifying information (cloth ;
-- alk. paper)
020 ## - INTERNATIONAL STANDARD BOOK NUMBER
Canceled/invalid ISBN 0824817788
Qualifying information (paper ;
-- alk. paper)
020 ## - INTERNATIONAL STANDARD BOOK NUMBER
Canceled/invalid ISBN 9780824817084
Qualifying information (cloth ;
-- alk. paper)
020 ## - INTERNATIONAL STANDARD BOOK NUMBER
Canceled/invalid ISBN 9780824817787
Qualifying information (paper ;
-- alk. paper)
020 ## - INTERNATIONAL STANDARD BOOK NUMBER
International Standard Book Number 9780824841867
Qualifying information (electronic bk.)
035 ## - SYSTEM CONTROL NUMBER
System control number (OCoLC)45733389
Canceled/invalid control number (OCoLC)533082873
-- (OCoLC)604992112
-- (OCoLC)608574548
-- (OCoLC)970747561
-- (OCoLC)974455920
-- (OCoLC)974515040
-- (OCoLC)1004480474
-- (OCoLC)1004784919
-- (OCoLC)1007389398
-- (OCoLC)1008897115
-- (OCoLC)1013725827
-- (OCoLC)1017925915
035 ## - SYSTEM CONTROL NUMBER
System control number (OCoLC)ocm45733389
039 #9 - LEVEL OF BIBLIOGRAPHIC CONTROL AND CODING DETAIL [OBSOLETE]
-- 201801240926
-- shuhada
040 ## - CATALOGING SOURCE
Original cataloging agency N
Language of cataloging eng
Description conventions pn
Transcribing agency N
Modifying agency OCL
-- OCLCQ
-- YDXCP
-- OCLCG
-- OCLCQ
-- TUU
-- OCLCQ
-- TNF
-- OCLCQ
-- OCLCE
-- OCLCQ
-- OCLCF
-- NLGGC
-- OCLCQ
-- INTCL
-- JBG
-- MWM
-- OCLCQ
-- YDX
-- SAV
-- OCLCA
-- QT7
-- OCLCQ
043 ## - GEOGRAPHIC AREA CODE
Geographic area code n-us-hi
049 ## - LOCAL HOLDINGS (OCLC)
Holding library MAIN
082 04 - DEWEY DECIMAL CLASSIFICATION NUMBER
Classification number 641.59969
Edition number 20
100 1# - MAIN ENTRY--PERSONAL NAME
Personal name Laudan, Rachel,
Dates associated with a name 1944-
245 14 - TITLE STATEMENT
Title The food of Paradise :
Remainder of title exploring Hawaii's culinary heritage /
Statement of responsibility, etc. Rachel Laudan.
264 #1 - PRODUCTION, PUBLICATION, DISTRIBUTION, MANUFACTURE, AND COPYRIGHT NOTICE
Place of production, publication, distribution, manufacture Honolulu :
Name of producer, publisher, distributor, manufacturer University of Hawai'i Press,
Date of production, publication, distribution, manufacture, or copyright notice [1996]
264 #4 - PRODUCTION, PUBLICATION, DISTRIBUTION, MANUFACTURE, AND COPYRIGHT NOTICE
Date of production, publication, distribution, manufacture, or copyright notice ©1996
300 ## - PHYSICAL DESCRIPTION
Extent 1 online resource (vii, 296 pages) :
Other physical details illustrations
336 ## - CONTENT TYPE
Content type term text
Source rdacontent
337 ## - MEDIA TYPE
Media type term computer
Source rdamedia
338 ## - CARRIER TYPE
Carrier type term online resource
Source rdacarrier
500 ## - GENERAL NOTE
General note "A Kolowalu book."
504 ## - BIBLIOGRAPHY, ETC. NOTE
Bibliography, etc. note Includes bibliographical references (pages 277-288) and index.
506 ## - RESTRICTIONS ON ACCESS NOTE
Materials specified Use copy
Standardized terminology for access restriction Restrictions unspecified
Source of term star
Institution to which field applies MiAaHDL
533 ## - REPRODUCTION NOTE
Type of reproduction Electronic reproduction.
Place of reproduction [S.l.] :
Agency responsible for reproduction HathiTrust Digital Library,
Date of reproduction 2010.
Institution to which field applies MiAaHDL
538 ## - SYSTEM DETAILS NOTE
System details note Master and use copy. Digital master created according to Benchmark for Faithful Digital Reproductions of Monographs and Serials, Version 1. Digital Library Federation, December 2002.
Uniform Resource Identifier http://purl.oclc.org/DLF/benchrepro0212
Institution to which field applies MiAaHDL
583 1# - ACTION NOTE
Action digitized
Time/date of action 2010
Jurisdiction HathiTrust Digital Library
Status committed to preserve
Source of term pda
Institution to which field applies MiAaHDL
588 0# - SOURCE OF DESCRIPTION NOTE
Source of description note Print version record.
590 ## - LOCAL NOTE (RLIN)
Local note eBooks on EBSCOhost
Provenance (VM) [OBSOLETE] EBSCO eBook Subscription Academic Collection - Worldwide
590 ## - LOCAL NOTE (RLIN)
Local note eBooks on EBSCOhost
Provenance (VM) [OBSOLETE] All EBSCO eBooks
650 #0 - SUBJECT ADDED ENTRY--TOPICAL TERM
Topical term or geographic name entry element Hawaiian cooking.
650 #0 - SUBJECT ADDED ENTRY--TOPICAL TERM
Topical term or geographic name entry element Hawaiian cooking
General subdivision History.
650 17 - SUBJECT ADDED ENTRY--TOPICAL TERM
Topical term or geographic name entry element Kookkunst.
Source of heading or term gtt
655 #4 - INDEX TERM--GENRE/FORM
Genre/form data or focus term Electronic books.
655 #0 - INDEX TERM--GENRE/FORM
Genre/form data or focus term Electronic books.
776 08 - ADDITIONAL PHYSICAL FORM ENTRY
Relationship information Print version:
Main entry heading Laudan, Rachel, 1944-
Title Food of Paradise.
Place, publisher, and date of publication Honolulu : University of Hawai'i Press, ©1996
International Standard Book Number 0824817087
Record control number (DLC) 95046407
-- (OCoLC)33404300
856 40 - ELECTRONIC LOCATION AND ACCESS
Uniform Resource Identifier https://ezproxy.taylors.edu.my/login?url=http://search.ebscohost.com/login.aspx?direct=true&scope=site&db=nlebk&AN=35325
Public note An electronic book accessible through the World Wide Web; click to view
Holdings
Withdrawn status Lost status Source of classification or shelving scheme Damaged status Not for loan Home library Current library Date acquired Cost, normal purchase price Total Checkouts Date last seen Price effective from Koha item type Public note
    Dewey Decimal Classification   e-book Taylor's Library-TU Taylor's Library - Perpetual(TU) 20/02/2020 190.30   20/02/2020 20/02/2020 Main Collection SCAFS,30042,03,CL,PPT | SCFAS,30003,03,CL,PPT | SCFAS,60003,03,CL,PPT | SCFAS,70003,03,CL,PPT | SCFAS,70006,03,CL,PPT